<?xml version="1.0" encoding="UTF-8"?>
<record
    xmlns:xsi="http://www.w3.org/2001/XMLSchema-instance"
    xsi:schemaLocation="http://www.loc.gov/MARC21/slim http://www.loc.gov/standards/marcxml/schema/MARC21slim.xsd"
    xmlns="http://www.loc.gov/MARC21/slim">

  <leader>01482nam a2200349 i 4500</leader>
  <controlfield tag="003">DO-SdBNP</controlfield>
  <controlfield tag="005">20240426145926.0</controlfield>
  <controlfield tag="007">ta</controlfield>
  <controlfield tag="008">240426b2019    dr a|||| |||| 00| 0 spa d</controlfield>
  <datafield tag="020" ind1=" " ind2=" ">
    <subfield code="a">9789945177435</subfield>
  </datafield>
  <datafield tag="040" ind1=" " ind2=" ">
    <subfield code="a">DO-SdBNP</subfield>
    <subfield code="b">spa</subfield>
    <subfield code="c">BNPHU</subfield>
    <subfield code="e">rda</subfield>
  </datafield>
  <datafield tag="082" ind1=" " ind2="4">
    <subfield code="2">22</subfield>
  </datafield>
  <datafield tag="245" ind1="0" ind2="0">
    <subfield code="a">Lengua Espa&#xF1;ola 3  :</subfield>
    <subfield code="b">del proyecto editorial de educaci&#xF3;n primaria /</subfield>
    <subfield code="c">colaboraci&#xF3;n, Sergio Andrade Legua, Rub&#xED; Ar&#xE1;nguiz Venegas, Mar&#xED;a Fernanda Valdebenito Meza, Paula Vera Solis ; edici&#xF3;n, Lynnette Defill&#xF3; Arzeno ; correcci&#xF3;n, Kary Alba Rocha Arias ; ilustraciones, Reison V&#xE1;squez, Wi-Hen Fung, Cecilia Vivanco D&#xED;az</subfield>
  </datafield>
  <datafield tag="264" ind1=" " ind2="4">
    <subfield code="a">Santo Domingo :</subfield>
    <subfield code="b">S M,</subfield>
    <subfield code="c">2019.</subfield>
  </datafield>
  <datafield tag="300" ind1=" " ind2=" ">
    <subfield code="a">239 p&#xE1;ginas :</subfield>
    <subfield code="b">Ilustraciones ;</subfield>
    <subfield code="c">27 cm.</subfield>
  </datafield>
  <datafield tag="336" ind1=" " ind2=" ">
    <subfield code="2">rdacontent</subfield>
    <subfield code="a">texto</subfield>
    <subfield code="b">txt</subfield>
  </datafield>
  <datafield tag="337" ind1=" " ind2=" ">
    <subfield code="2">rdamedia</subfield>
    <subfield code="a">sin mediaci&#xF3;n</subfield>
    <subfield code="b">n</subfield>
  </datafield>
  <datafield tag="338" ind1=" " ind2=" ">
    <subfield code="2">rdacarrier</subfield>
    <subfield code="a">volumen</subfield>
    <subfield code="b">nc</subfield>
  </datafield>
  <datafield tag="490" ind1=" " ind2=" ">
    <subfield code="a">Savia</subfield>
  </datafield>
  <datafield tag="590" ind1=" " ind2=" ">
    <subfield code="a">Inventariado 2024/BT</subfield>
  </datafield>
  <datafield tag="700" ind1="1" ind2=" ">
    <subfield code="a">Andrade Legua, Sergio,</subfield>
    <subfield code="e">colaboraci&#xF3;n</subfield>
    <subfield code="9">85304</subfield>
  </datafield>
  <datafield tag="700" ind1="1" ind2=" ">
    <subfield code="a">Ar&#xE1;nguiz Venegas, Rub&#xED;,</subfield>
    <subfield code="e">colaboraci&#xF3;n</subfield>
    <subfield code="9">85305</subfield>
  </datafield>
  <datafield tag="700" ind1="1" ind2=" ">
    <subfield code="a">Valdebenito Meza, Mar&#xED;a Fernanda,</subfield>
    <subfield code="e">colaboraci&#xF3;n</subfield>
    <subfield code="9">85306</subfield>
  </datafield>
  <datafield tag="700" ind1="1" ind2=" ">
    <subfield code="a">Vera Solis, Paula,</subfield>
    <subfield code="e">colaboraci&#xF3;n</subfield>
    <subfield code="9">85307</subfield>
  </datafield>
  <datafield tag="700" ind1="1" ind2=" ">
    <subfield code="a">Defill&#xF3; Arzeno, Lynnette,</subfield>
    <subfield code="e">edici&#xF3;n</subfield>
    <subfield code="9">85308</subfield>
  </datafield>
  <datafield tag="700" ind1="1" ind2=" ">
    <subfield code="a">V&#xE1;squez, Reison,</subfield>
    <subfield code="e">ilustraci&#xF3;n</subfield>
    <subfield code="9">85309</subfield>
  </datafield>
  <datafield tag="700" ind1="1" ind2=" ">
    <subfield code="a">Fung, Wi-Hen,</subfield>
    <subfield code="e">ilustraci&#xF3;n</subfield>
    <subfield code="9">73248</subfield>
  </datafield>
  <datafield tag="700" ind1="1" ind2=" ">
    <subfield code="a">Vivanco D&#xED;az Cecilia,</subfield>
    <subfield code="e">ilustraci&#xF3;n</subfield>
    <subfield code="9">6598</subfield>
  </datafield>
  <datafield tag="700" ind1="1" ind2=" ">
    <subfield code="a">Torres Mujica, Marco,</subfield>
    <subfield code="e">ilustraci&#xF3;n</subfield>
    <subfield code="9">85341</subfield>
  </datafield>
  <datafield tag="910" ind1=" " ind2=" ">
    <subfield code="a">BTav&#xE1;rez</subfield>
  </datafield>
  <datafield tag="942" ind1=" " ind2=" ">
    <subfield code="2">ddc</subfield>
    <subfield code="c">LBS1</subfield>
  </datafield>
  <datafield tag="952" ind1=" " ind2=" ">
    <subfield code="0">0</subfield>
    <subfield code="1">0</subfield>
    <subfield code="2">ddc</subfield>
    <subfield code="5">1</subfield>
    <subfield code="7">0</subfield>
    <subfield code="8">PD</subfield>
    <subfield code="a">BNPHU</subfield>
    <subfield code="b">BNPHU</subfield>
    <subfield code="c">CT</subfield>
    <subfield code="d">2024-04-26</subfield>
    <subfield code="e">Deposito legal</subfield>
    <subfield code="l">0</subfield>
    <subfield code="o">BNPHU PD </subfield>
    <subfield code="p">2024-2570</subfield>
    <subfield code="r">2024-04-26</subfield>
    <subfield code="w">2024-04-26</subfield>
    <subfield code="y">LBS1</subfield>
  </datafield>
  <datafield tag="952" ind1=" " ind2=" ">
    <subfield code="0">0</subfield>
    <subfield code="1">0</subfield>
    <subfield code="2">ddc</subfield>
    <subfield code="5">1</subfield>
    <subfield code="7">0</subfield>
    <subfield code="8">PD</subfield>
    <subfield code="a">BNPHU</subfield>
    <subfield code="b">BNPHU</subfield>
    <subfield code="c">CT</subfield>
    <subfield code="d">2024-04-26</subfield>
    <subfield code="e">Deposito legal</subfield>
    <subfield code="l">0</subfield>
    <subfield code="o">BNPHU PD </subfield>
    <subfield code="p">2024-2571</subfield>
    <subfield code="r">2024-04-26</subfield>
    <subfield code="t">e.2</subfield>
    <subfield code="w">2024-04-26</subfield>
    <subfield code="y">LBS1</subfield>
  </datafield>
  <datafield tag="952" ind1=" " ind2=" ">
    <subfield code="0">0</subfield>
    <subfield code="1">0</subfield>
    <subfield code="2">ddc</subfield>
    <subfield code="5">6</subfield>
    <subfield code="7">0</subfield>
    <subfield code="8">DS</subfield>
    <subfield code="a">BNPHU</subfield>
    <subfield code="b">BNPHU</subfield>
    <subfield code="c">CT</subfield>
    <subfield code="d">2024-04-26</subfield>
    <subfield code="e">Deposito legal</subfield>
    <subfield code="l">0</subfield>
    <subfield code="o">BNPHU PD </subfield>
    <subfield code="p">2024-2572</subfield>
    <subfield code="r">2024-04-26</subfield>
    <subfield code="t">e.3</subfield>
    <subfield code="w">2024-04-26</subfield>
    <subfield code="y">LBS1</subfield>
  </datafield>
  <datafield tag="999" ind1=" " ind2=" ">
    <subfield code="c">56538</subfield>
    <subfield code="d">56538</subfield>
  </datafield>
</record>
